Normal view
MARC view
Entry Topical Term
001 - CONTROL NUMBER
- control field: 169241
003 - CONTROL NUMBER IDENTIFIER
- control field: OSt
005 - DATE AND TIME OF LATEST TRANSACTION
- control field: 20240604154152.0
008 - FIXED-LENGTH DATA ELEMENTS
- fixed length control field: 240604|| aca||aabn | a|a d
040 ## - CATALOGING SOURCE
- Original cataloging agency: OSt
- Transcribing agency: OSt
150 ## - HEADING--TOPICAL TERM
- Topical term or geographic name entry element: Organization details
670 ## - SOURCE DATA FOUND
- Source citation: Work cat.: (OSt): A B, Yajna. 202029 169240, Data integration and analysis using insurance data /, 2022